[Event "GER Seniors Derby 08th"]
[Site "Wesel Undeloh"]
[Date "2009.04.17"]
[Round "3.3"]
[White "Kolb, Wolfgang1111"]
[Black "Grabinski, Horst"]
[Result "1-0"]
[WhiteElo "2068"]
[BlackElo "1868"]
[PlyCount "75"]
[EventDate "2009.04.16"]
[EventType "swiss"]
[EventRounds "7"]
[EventCountry "GER"]
[SourceTitle "EXT 2022"]
[Source "ChessBase"]
[SourceDate "2021.10.06"]
[SourceVersion "1"]
[SourceVersionDate "2021.10.06"]
[SourceQuality "1"]

1. e4 c5 2. Nc3 d6 3. f4 e6 4. Nf3 Nc6 5. Bb5 Bd7 6. 0-0 Nge7 7. d4 cxd4 8. Nxd4 a6 9. Be2 Nxd4 10. Qxd4 Nc6 11. Qf2 Be7 12. Be3 b5 13. Bb6 Qc8 14. Bf3 Rb8 15. Rfd1 0-0 16. Kh1 Qb7 17. Be3 Qc7 18. Rd3 Rfd8 19. Rad1 Be8 20. Ne2 Bf6 21. c3 b4 22. Nd4 Nxd4 23. cxd4 Bb5 24. R3d2 Be7 25. Rc2 Qb7 26. Rdc1 Rdc8 27. Qd2 Ba4 28. b3 Bd7 29. h3 a5 30. d5 Rxc2 31. Rxc2 Rc8 32. dxe6 fxe6 33. Qc1 Bd8 34. Rxc8 Qxc8 35. Qd1 Qc6 36. Qd4 Bc7 37. e5 d5 38. f5 1-0

[Event "GER Seniors Derby 08th"]
[Site "Wesel Undeloh"]
[Date "2009.04.16"]
[Round "1.10"]
[White "Koelbel, Wolfgang"]
[Black "Grabinski, Horst"]
[Result "0-1"]
[WhiteElo "1478"]
[BlackElo "1868"]
[PlyCount "110"]
[EventDate "2009.04.16"]
[EventType "swiss"]
[EventRounds "7"]
[EventCountry "GER"]
[SourceTitle "EXT 2022"]
[Source "ChessBase"]
[SourceDate "2021.10.06"]
[SourceVersion "1"]
[SourceVersionDate "2021.10.06"]
[SourceQuality "1"]

1. Nf3 c5 2. b3 Nf6 3. Ba3 d6 4. e3 a6 5. Bd3 g6 6. h4 Bg4 7. Bb2 Bg7 8. Be2 0-0 9. d4 e6 10. Na3 Nc6 11. c3 Qe7 12. Nh2 Bxe2 13. Qxe2 Ne4 14. h5 b5 15. Qf3 d5 16. Qh3 cxd4 17. hxg6 fxg6 18. Ng4 Bf6 19. Nh6+ Kh8 20. cxd4 Qb4+ 21. Kf1 Nxf2 22. Kxf2 Qd2+ 23. Kg1 Qxb2 24. Rf1 Nxd4 25. Ng4 Ne2+ 26. Kh2 Be5+ 27. Nxe5 Qxe5+ 28. g3 Qxe3 29. Kg2 Qe4+ 30. Kh2 Nd4 31. Qh6 Rxf1 32. Rxf1 Qe2+ 33. Kg1 Nf3+ 34. Rxf3 Qxf3 35. Qg5 Rf8 36. Qe5+ Qf6 37. Qxf6+ Rxf6 38. Nc2 e5 39. Ne3 d4 40. Ng4 Re6 41. Kf1 e4 42. Ke1 Kg7 43. Nf2 h5 44. Nh3 Kf6 45. Nf4 Rd6 46. Nh3 g5 47. Nf2 Kf5 48. Ke2 Rc6 49. Kd1 Rc3 50. Nh1 Kg4 51. Nf2+ Kf3 52. Nh3 Rc5 53. Ng1+ Kxg3 54. Kd2 d3 55. Kd1 Kg2 0-1